Family fish farming in the saang district of the kandal province, ការធ្វើនេសាទក្នុងស្អាង ខេត្តកណ្ដាល. (Record no. 3516)

000 -LEADER
fixed length control field 00544nam a22001577a 4500
003 - CONTROL NUMBER IDENTIFIER
control field OSt
005 - DATE AND TIME OF LATEST TRANSACTION
control field 20151117135649.0
008 - FIXED-LENGTH DATA ELEMENTS--GENERAL INFORMATION
fixed length control field 151117b xxu||||| |||| 00| 0 eng d
040 ## - CATALOGING SOURCE
Transcribing agency RUA
082 ## - DEWEY DECIMAL CLASSIFICATION NUMBER
Classification number FIS ជិន​ 1992 B146 Or.1
100 ## - MAIN ENTRY--PERSONAL NAME
9 (RLIN) 3778
Personal name ជិន ដា
245 ## - TITLE STATEMENT
Title Family fish farming in the saang district of the kandal province, ការធ្វើនេសាទក្នុងស្អាង ខេត្តកណ្ដាល.
260 ## - PUBLICATION, DISTRIBUTION, ETC. (IMPRINT)
Place of publication, distribution, etc. Phnom Penh
Name of publisher, distributor, etc. RUA
Date of publication, distribution, etc. 1992
300 ## - PHYSICAL DESCRIPTION
Extent 163p.
Other physical details ill.
Dimensions 29cm.
942 ## - ADDED ENTRY ELEMENTS (KOHA)
Source of classification or shelving scheme
Koha item type FIS
Holdings
Price effective from Date last seen Permanent Location Not for loan Date acquired Source of classification or shelving scheme Koha item type Lost status Withdrawn status Date last checked out Total Checkouts Shelving location Damaged status Barcode Current Location Full call number
2015-11-172015-11-17Library Block B 2015-11-17 FIS    B146 RUA020602Library Block BFIS ជិន​ 1992 B146 Or.1
2015-11-172015-11-17Library Block B 2015-11-17 FIS    B146 RUA036696Library Block BFIS ជិន​ 1992 B146 Or.2
2015-11-172015-11-17Library Block B 2015-11-17 FIS    B146 RUA036798Library Block BFIS ជិន​ 1992 B146 Or.3
2015-11-172015-11-17Library Block B 2015-11-17 FIS    B146 RUA020908Library Block BFIS ជិន​ 1992 B146 Or.4
2015-11-172015-11-17Library Block B 2015-11-17 FIS      RUA020674Library Block BFIS ជិន​ 1992 B146 Or.5
2015-11-172015-11-17Library Block B 2015-11-17 FIS      RUA020521Library Block BFIS ជិន​ 1992 B146 Or.6
2015-11-172019-07-19Library Block B 2015-11-17 FIS  2019-07-011  RUA020980Library Block BFIS ជិន​ 1992 B146 Or.7
2015-11-172015-11-17Library Block B 2015-11-17 FIS      RUA020449Library Block BFIS ជិន​ 1992 B146 Or.8
មជ្ឈមណ្ឌលឯការនៃសាកលវិទ្យាល័យភូមិន្ទកសិកម្មចំការដូង

Powered by Koha